MDQL
is popping MORE tags! Check the
thread
!
Quizzes
Events
Quiz Creation
Community
Videos
Private Events
Remove Ads
Sign In
Join for FREE
Feedback
Dark Mode
Quiz Categories
Sports
Geography
Music
Movies
Television
Just For Fun
Miscellaneous
History
Literature
Language
Science
Gaming
Entertainment
Religion
Holiday
For Kids
Quiz Lab
Recent
Popular Today
Quiz Kudos Today
Editor Picks
Curator Picks
Quizzes by...
Day
Popularity
Type
Ratings
Length
Year
Community
Subscriptions
Recent Discussions
Orange Saloon
Badges
Playlists
Quests
Create
Leaderboards
Showdown
Live 5
Trivia Bingo
Activity
Puzzle Library
Sporcle Events
Private Events
Virtual Trivia
Globe League
Become a Host
Pub Owners
SporcleCon
Opinionation
Our Games
Videos
Blog
Mobile Apps
Partnerships
Remove Ads and Go Orange
Feedback
Geography
Country
Landmarks
City
State
Population
World
Capital
Continent
Flags
Europe
Africa
Asia
South America
North America
Oceania
Border
Canada
United Kingdom
Topography
United States
Geography
Country
Landmarks
City
State
Population
World
Capital
Continent
Flags
Europe
Africa
Asia
South America
North America
Oceania
Border
Canada
United Kingdom
Topography
United States
Random Quiz
Search Sporcle
×
Quiz Lab
Quiz Lab
Geography
station
Type in answers that appear in a list
Type in answers that appear in a list
Classic
Best Score? Go Orange.
Busiest Non-Central Tube Stations Stats
Can you name the Busiest Non-Central Tube Stations?
By
varndler
6m
22 Questions
105 Plays
105 Plays
105 Plays
Comments
Comments
Give Quiz Kudos
Give Quiz Kudos
-
- Ratings
hide this ad
More Info
Replay
Link that replays current quiz
Next Quiz
Link to next quiz in quiz playlist
You Got
0%
They Got
Avg Score
50%
Avg Friend Score
Upgrade to see
Score Distribution
Jump to the score distribution portion of the page
Score
0/22
Timer
06:00
0
Plays Today
Usage (m)
Station Name
% Correct
48.57
Stratford
91.4%
11.75
Wimbledon
79%
16.09
Ealing Broadway
77.1%
9.66
Wembley Park
63.8%
13.96
Barking
62.9%
14.32
Walthamstow Central
58.1%
12.53
Seven Sisters
56.2%
8.75
Harrow-on-the-Hill
52.4%
15.70
North Greenwich
50.5%
8.86
Tottenham Hale
49.5%
13.29
Leyton
48.6%
Usage (m)
Station Name
% Correct
10.45
Leytonstone
45.7%
13.37
East Ham
44.8%
13.04
Tooting Broadway
44.8%
11.46
Balham
43.8%
11.35
Wood Green
39%
7.82
Clapham South
39%
8.71
Canning Town
38.1%
11.01
Upton Park
34.3%
9.80
Turnpike Lane
34.3%
8.08
Archway
33.3%
9.21
Manor House
33.3%
Quiz Playlist
Details
Report
Send in Message
Add To Playlist
More Info:
Name the busiest tube stations outside zones 1 and 2 (but including stations listed as being in *both* zones 2 and 3).
Classic:
Type in answers that appear in a list
Quiz Source
Last Updated: Feb 16, 2017
Quiz Scoreboard
CHALLENGE
Sign Up to Join the Scoreboard
Show All
Scores
Hide
Comments
May contain spoilers
Recently Published
1-10 Letter E Words III
by El_Dandy
Language
2m
Street Fighter Characters
by Artimus82
Gaming
60s
College Basketball Coaching Resumes
by pancakes188
Sports
9m
More to Explore
Quiz From the Vault
Featured Blog Post
Where Did the Easter Bunny Come From?
hide this ad
You Might Also Like...
Tags
station
tube
Tube Stations
usage
Today's Top Quizzes in Geography
Browse Geography
hide this ad
Today's Top Quizzes in station
Browse station
Top Contributed Quizzes in Geography
1
Countries of the World - No Outlines Minefield
2
Top 25 Cities of France on a map
3
Any capital of a 'B' country per Continent
4
Any capital of a 'C' country per Continent
5
Closest Countries to UK A-Z
6
Any capital of a 'D' country per Continent
7
5-to-1: US Geography No Hints
8
Any capital of an 'E' country per Continent
9
Find the US States - No Outlines
10
Any capital of an 'F' country per Continent
Explore More
Trending Topics
Anime
Harry Potter
Kpop
Disney
Marvel
Crossword
NBA
The Office
Pokémon
Soccer
Puzzle
Country
NFL
Song
WWE
hide this ad
More By:
varndler
Quiz
Plays
Rating
Category
Featured
Created
Le Futur Simple
14,621
5.00
Language
Jan 13, 2016
Most Test Cricket Double Centuries
3,316
5.00
Sports
Dec 18, 2009
Major London Railway Stations
3,094
3.11
Geography
Dec 18, 2009
Busiest Tube Stations
1,436
4.39
Geography
Nov 20, 2009
UK Railway Stations Operated by Network Rail
1,416
4.00
Geography
Jan 23, 2013
Go to Creator's Profile
Score Distribution
Quiz Creator Spotlight
varndler
Follow
Send a Message
Quizzes Created
-
Created Quiz Play Count
-
More By This Creator
Popular Quizzes Today
1
Find the US States - No Outlines Minefield
2
Find the Countries of Europe - No Outlines Minefield
3
The Countries of the World
4
Find the US States
5
Risky Map Clicking: Biggest States A-Z
6
US States
7
Popular People in 1961
8
Movies - When Are They Set?
More Geography Quizzes
Country Shape or Not?
Editor's Pick
Trending Quizzes
Risky Map Clicking: Least Populous States A-Z
Billboard Blitz: Aretha Franklin
Famous Russians: Author or Composer?
Countries of the World: 200 Million BC
1-10 Letter G Words
Recently Updated
Leaping Animals
pecheneg
Reality TV Shows (A-Z)
bhenderson79
Rickey Henderson's Hall of Fame Teammates
pecheneg
Champions League XIs: Arsenal
pecheneg
Quick Pick: Celebrities in WWE's Hall of Fame
aduchscher
A-Z Keypad Blitz II
pecheneg
Multiple Oscar Actors
pecheneg
Mystery Phrase Blitz: Oscar 'Best Actors'
pecheneg
F. Scott Fitzgerald Novels
LTH
Pick 3 Villains
ddd62291
Trending Topics
Kpop
Crossword
Marvel
Anime
NBA
Disney
Harry Potter
Puzzle
Country
Pokémon
NFL
Soccer
The Office
WWE
Song
Your Account Isn't Verified!
In order to create a playlist on Sporcle, you need to verify the email address you used during registration. Go to your
Sporcle Settings
to finish the process.
Report this User
Report this user for behavior that violates our
Community Guidelines
.
Details:
Send Report
Go to the Sporcle.com Mobile Site →
Comments